Merck index: (Record no. 47357)

MARC details
000 -LEADER
fixed length control field 00483nam a22001577a 4500
008 - FIXED-LENGTH DATA ELEMENTS--GENERAL INFORMATION
fixed length control field 230626b |||||||| |||| 00| 0 eng d
040 ## - CATALOGING SOURCE
Original cataloging agency National Science Library
Transcribing agency National Science Library
080 ## - UNIVERSAL DECIMAL CLASSIFICATION NUMBER
Universal Decimal Classification number R 615(038)
Item number P6
245 ## - TITLE STATEMENT
Title Merck index:
Remainder of title An encyclopedia of chemicals, drugs and biologicals
250 ## - EDITION STATEMENT
Edition statement 14th ed.
260 ## - PUBLICATION, DISTRIBUTION, ETC.
Place of publication, distribution, etc. USA:
Name of publisher, distributor, etc. Merck & Co, Inc.,
Date of publication, distribution, etc. 2006
650 ## - SUBJECT ADDED ENTRY--TOPICAL TERM
Topical term or geographic name entry element Biology
653 ## - INDEX TERM--UNCONTROLLED
Uncontrolled term Chemical
700 ## - ADDED ENTRY--PERSONAL NAME
Personal name O'Neil, Maryadele J (Ed.)
942 ## - ADDED ENTRY ELEMENTS (KOHA)
Source of classification or shelving scheme Universal Decimal Classification
Koha item type Encyclopedia
Holdings
Withdrawn status Lost status Source of classification or shelving scheme Damaged status Not for loan Home library Current library Shelving location Date acquired Total Checkouts Full call number Barcode Date last seen Price effective from Koha item type
    Universal Decimal Classification     National Science Library National Science Library GF/REF-1/C-5 26/06/2023   R 615(038) P6 226943 26/06/2023 26/06/2023 Encyclopedia